[Event "72nd RUS-ch Higher League 2019"]
[Site "Yaroslavl"]
[Date "2019.07.05"]
[Round "8.20"]
[White "Kardashevskiy, Evgeny"]
[Black "Belozerov, Andrei"]
[Result "1-0"]
[WhiteElo "2429"]
[BlackElo "2533"]
[Annotator "ChessBase"]
[PlyCount "109"]
[EventDate "2019.06.27"]
[EventType "swiss"]
[EventCountry "RUS"]
[SourceTitle "playchess.com"]
[Source "ChessBase"]
[SourceQuality "1"]
[TimeControl "40/5400+30:1800+30"]

1. d4 {[%emt 0:00:00]} Nf6 {[%emt 0:04:47]} 2. Nf3 {[%emt 0:00:00]} e6 {[%emt 0:00:16]} 3. c4 {[%emt 0:00:24]} d5 {[%emt 0:00:11]} 4. Nc3 {[%emt 0:00:18]} c6 {[%emt 0:00:08]} 5. Bg5 {[%emt 0:00:35]} dxc4 {[%emt 0:00:05]} 6. e4 {[%emt 0:00:29]} b5 {[%emt 0:00:06]} 7. e5 {[%emt 0:00:25]} h6 {[%emt 0:00:05]} 8. Bh4 {[%emt 0:00:10]} g5 {[%emt 0:00:06]} 9. Nxg5 {[%emt 0:00:10]} hxg5 {[%emt 0:00:06]} 10. Bxg5 {[%emt 0:00:05]} Nbd7 {[%emt 0:00:03]} 11. g3 {[%emt 0:00:32]} Bb7 {[%emt 0:00:33]} 12. Bg2 {[%emt 0:01:23]} Qb6 {[%emt 0:00:15]} 13. exf6 {[%emt 0:00:11]} O-O-O {[%emt 0:00:07]} 14. O-O {[%emt 0:00:14]} c5 {[%emt 0:00:03]} 15. d5 {[%emt 0:00:16]} b4 {[%emt 0:00:06]} 16. Na4 {[%emt 0:00:06]} Qb5 {[%emt 0:02:50]} 17. a3 {[%emt 0:00:51]} Ne5 {[%emt 0:02:31]} 18. Qe2 {[%emt 0:18:31]} Nd3 {[%emt 0:04:07]} 19. dxe6 {[%emt 0:07:57]} Bxg2 {[%emt 0:03:32]} 20. e7 {[%emt 0:02:37]} Bxf1 {[%emt 0:10:56]} 21. Qg4+ {[%emt 0:17:14]} Qd7 {[%emt 0:08:20]} 22. Qe4 {[%emt 0:12:42]} Re8 {[%emt 0:12:14]} 23. Nb6+ {[%emt 0:05:18]} axb6 {[%emt 0:02:03]} 24. axb4 {[%emt 0:00:28]} Bxe7 {[%emt 0:05:51]} 25. Ra8+ {[%emt 0:01:44]} Kc7 {[%emt 0:00:04]} 26. Ra7+ {[%emt 0:00:15]} Kd6 {[%emt 0:00:24]} 27. bxc5+ {[%emt 0:00:51]} Kxc5 {[%emt 0:01:41]} 28. Rxd7 {[%emt 0:00:47]} Bd6 {[%emt 0:02:01]} 29. Be3+ {[%emt 0:01:12]} Kb5 {[%emt 0:03:59]} 30. Qd5+ {[%emt 0:00:46]} Bc5 {[%emt 0:00:36]} 31. Kxf1 {[%emt 0:02:13]} Re5 {[%emt 0:03:13]} 32. Qxf7 {[%emt 0:00:42]} Bxe3 {[%emt 0:01:36]} 33. fxe3 {[%emt 0:00:50]} Rxe3 {[%emt 0:04:42]} 34. Re7 {[%emt 0:06:55]} Rf3+ {[%emt 0:01:56]} 35. Kg1 {[%emt 0:00:19]} Kb4 {[%emt 0:05:14]} 36. Re8 {[%emt 0:02:00]} Rxe8 {[%emt 0:05:20]} 37. Qxe8 {[%emt 0:00:10]} b5 {[%emt 0:00:22]} 38. Qe7+ {[%emt 0:01:24]} Kb3 {[%emt 0:00:25]} 39. Qa3+ {[%emt 0:00:24]} Kc2 {[%emt 0:00:10]} 40. Qc3+ {[%emt 0:00:00]} Kd1 {[%emt 0:00:00]} 41. b3 {[%emt 0:09:37]} Ke2 {[%emt 0:05:47]} 42. bxc4 {[%emt 0:03:42]} Rf1+ {[%emt 0:05:13]} 43. Kg2 {[%emt 0:00:11]} Rf2+ {[%emt 0:00:04]} 44. Kh3 {[%emt 0:02:46]} b4 {[%emt 0:00:53]} 45. Qc2+ {[%emt 0:02:03]} Ke3 {[%emt 0:00:11]} 46. Qxf2+ {[%emt 0:00:43]} Nxf2+ {[%emt 0:00:42]} 47. Kg2 {[%emt 0:00:35]} b3 {[%emt 0:01:38]} 48. f7 {[%emt 0:00:09]} b2 {[%emt 0:00:04]} 49. f8=Q {[%emt 0:00:05]} Nd1 {[%emt 0:00:44]} 50. Qb4 {[%emt 0:00:54]} Kd3 {[%emt 0:00:20]} 51. Qb3+ {[%emt 0:00:29]} Kd2 {[%emt 0:00:09]} 52. c5 {[%emt 0:00:17]} Kc1 {[%emt 0:00:59]} 53. c6 {[%emt 0:00:22]} b1=Q {[%emt 0:00:04]} 54. Qxb1+ {[%emt 0:00:07]} Kxb1 {[%emt 0:00:03]} 55. c7 {[%emt 0:00:07]} 1-0

[Event "72nd RUS-ch Higher League 2019"]
[Site "Yaroslavl"]
[Date "2019.07.05"]
[Round "8.21"]
[White "Rychkov, Oleg"]
[Black "Khanin, Semen"]
[Result "1/2-1/2"]
[WhiteElo "2409"]
[BlackElo "2529"]
[Annotator "ChessBase"]
[PlyCount "75"]
[EventDate "2019.06.27"]
[EventType "swiss"]
[EventCountry "RUS"]
[SourceTitle "playchess.com"]
[Source "ChessBase"]
[SourceQuality "1"]
[TimeControl "40/5400+30:1800+30"]

1. c4 {[%emt 0:00:00]} e5 {[%emt 0:00:00]} 2. Nc3 {[%emt 0:00:00]} Nf6 {[%emt 0:00:00]} 3. Nf3 {[%emt 0:00:00]} Nc6 {[%emt 0:00:00]} 4. g3 {[%emt 0:00:14]} d5 {[%emt 0:00:00]} 5. cxd5 {[%emt 0:00:21]} Nxd5 {[%emt 0:00:00]} 6. Bg2 {[%emt 0:00:17]} Bc5 {[%emt 0:00:12]} 7. O-O {[%emt 0:00:44]} O-O {[%emt 0:00:10]} 8. Nxd5 {[%emt 0:00:32]} Qxd5 {[%emt 0:00:09]} 9. Ng5 {[%emt 0:00:09]} Qd8 {[%emt 0:01:38]} 10. Nxh7 {[%emt 0:00:29]} Re8 {[%emt 0:00:52]} 11. Ng5 {[%emt 0:00:27]} Qxg5 {[%emt 0:00:59]} 12. Bxc6 {[%emt 0:00:25]} bxc6 {[%emt 0:00:26]} 13. d4 {[%emt 0:00:04]} Qh5 {[%emt 0:00:04]} 14. dxc5 {[%emt 0:00:10]} Be6 {[%emt 0:07:27]} 15. e4 {[%emt 0:05:39]} Qg6 {[%emt 0:09:45]} 16. Qe2 {[%emt 0:02:55]} f5 {[%emt 0:03:29]} 17. f3 {[%emt 0:09:30]} Rad8 {[%emt 0:02:49]} 18. b3 {[%emt 0:16:34]} fxe4 {[%emt 0:07:04]} 19. fxe4 {[%emt 0:00:57]} Rd4 {[%emt 0:08:04]} 20. Bb2 {[%emt 0:04:20]} Rxe4 {[%emt 0:01:09]} 21. Qd2 {[%emt 0:00:32]} Bd5 {[%emt 0:01:30]} 22. Rae1 {[%emt 0:00:47]} Qg4 {[%emt 0:21:07]} 23. Qd3 {[%emt 0:04:13]} Rxe1 {[%emt 0:04:02]} 24. Rxe1 {[%emt 0:03:35]} e4 {[%emt 0:01:30]} 25. Qe2 {[%emt 0:01:10]} Qh3 {[%emt 0:01:15]} 26. Qf1 {[%emt 0:01:06]} Qh5 {[%emt 0:05:16]} 27. Qe2 {[%emt 0:03:38]} Qh3 {[%emt 0:06:00]} 28. Qf1 {[%emt 0:04:55]} Qd7 {[%emt 0:00:09]} 29. Qf4 {[%emt 0:03:49]} Rf8 {[%emt 0:01:11]} 30. Qe5 {[%emt 0:01:05]} Rf5 {[%emt 0:01:21]} 31. Qd4 {[%emt 0:00:11]} Qf7 {[%emt 0:00:21]} 32. Bc1 {[%emt 0:02:12]} Rf3 {[%emt 0:02:05]} 33. Be3 {[%emt 0:01:02]} Qf5 {[%emt 0:01:56]} 34. Qd2 {[%emt 0:00:38]} Qf6 {[%emt 0:02:01]} 35. Bd4 {[%emt 0:06:40]} Qf5 {[%emt 0:01:45]} 36. Be3 {[%emt 0:00:08]} Qf6 {[%emt 0:01:27]} 37. Bd4 {[%emt 0:00:46]} Qf5 {[%emt 0:02:59]} 38. Be3 {[%emt 0:00:41]} 1/2-1/2

[Event "72nd RUS-ch Higher League 2019"]
[Site "Yaroslavl"]
[Date "2019.07.05"]
[Round "8.22"]
[White "Triapishko, Alexandr"]
[Black "Mirzaev, Aziz"]
[Result "1-0"]
[WhiteElo "2512"]
[BlackElo "2433"]
[Annotator "ChessBase"]
[PlyCount "77"]
[EventDate "2019.06.27"]
[EventType "swiss"]
[EventCountry "RUS"]
[SourceTitle "playchess.com"]
[Source "ChessBase"]
[SourceQuality "1"]
[TimeControl "40/5400+30:1800+30"]

1. Nf3 {[%emt 0:00:00]} d5 {[%emt 0:00:01]} 2. e3 {[%emt 0:00:01]} Nf6 {[%emt 0:00:44]} 3. c4 {[%emt 0:00:25]} g6 {[%emt 0:04:20]} 4. b4 {[%emt 0:18:36]} Bg7 {[%emt 0:02:55]} 5. Bb2 {[%emt 0:02:58]} O-O {[%emt 0:02:03]} 6. cxd5 {[%emt 0:07:02]} Nxd5 {[%emt 0:01:51]} 7. Bxg7 {[%emt 0:05:31]} Kxg7 {[%emt 0:00:07]} 8. Qb3 {[%emt 0:00:38]} c6 {[%emt 0:08:03]} 9. Nc3 {[%emt 0:02:19]} Qd6 {[%emt 0:08:48]} 10. Bc4 {[%emt 0:16:19]} Nxc3 {[%emt 0:08:38]} 11. Qxc3+ {[%emt 0:00:32]} f6 {[%emt 0:01:00]} 12. a4 {[%emt 0:10:54]} Bg4 {[%emt 0:08:49]} 13. Be2 {[%emt 0:08:55]} e5 {[%emt 0:05:00]} 14. O-O {[%emt 0:05:21]} Nd7 {[%emt 0:04:58]} 15. h3 {[%emt 0:02:10]} Be6 {[%emt 0:02:15]} 16. d4 {[%emt 0:06:29]} e4 {[%emt 0:00:40]} 17. Nd2 {[%emt 0:00:06]} Bd5 {[%emt 0:00:13]} 18. b5 {[%emt 0:01:15]} Rac8 {[%emt 0:13:36]} 19. Qb2 {[%emt 0:00:18]} c5 {[%emt 0:02:38]} 20. Rac1 {[%emt 0:01:37]} h5 {[%emt 0:05:34]} 21. Bc4 {[%emt 0:03:03]} Rfd8 {[%emt 0:05:34]} 22. a5 {[%emt 0:03:51]} b6 {[%emt 0:05:02]} 23. a6 {[%emt 0:00:43]} Rc7 {[%emt 0:03:10]} 24. Nb3 {[%emt 0:00:41]} Rdc8 {[%emt 0:03:19]} 25. dxc5 {[%emt 0:00:58]} Nxc5 {[%emt 0:01:06]} 26. Rcd1 {[%emt 0:01:07]} Na4 {[%emt 0:01:22]} 27. Qd2 {[%emt 0:00:24]} Rxc4 {[%emt 0:00:15]} 28. Qxd5 {[%emt 0:00:03]} Qe7 {[%emt 0:00:54]} 29. Rd4 {[%emt 0:01:16]} Nb2 {[%emt 0:01:02]} 30. Rxc4 {[%emt 0:00:35]} Rxc4 {[%emt 0:00:11]} 31. Nd4 {[%emt 0:00:18]} Kh7 {[%emt 0:00:32]} 32. Nc6 {[%emt 0:00:46]} Qc7 {[%emt 0:00:34]} 33. Qe6 {[%emt 0:00:25]} Qg7 {[%emt 0:00:43]} 34. Qd6 {[%emt 0:00:45]} Nd3 {[%emt 0:00:14]} 35. Qb8 {[%emt 0:00:25]} Ne5 {[%emt 0:00:39]} 36. Nxa7 {[%emt 0:00:27]} Qc7 {[%emt 0:00:37]} 37. Qxc7+ {[%emt 0:00:36]} Rxc7 {[%emt 0:00:01]} 38. Nc6 {[%emt 0:00:05]} Nxc6 {[%emt 0:00:13]} 39. Rc1 {[%emt 0:00:10]} 1-0

[Event "72nd RUS-ch Higher League 2019"]
[Site "Yaroslavl"]
[Date "2019.07.05"]
[Round "8.23"]
[White "Eraschenkov, Denis"]
[Black "Sadovsky, Artem"]
[Result "0-1"]
[WhiteElo "2379"]
[BlackElo "2416"]
[Annotator "NA"]
[PlyCount "112"]
[EventDate "2019.06.27"]
[EventType "swiss"]
[EventCountry "RUS"]
[SourceTitle "playchess.com"]
[Source "ChessBase"]
[SourceQuality "1"]
[TimeControl "40/5400+30:1800+30"]

1. c4 {[%emt 0:00:00]} c5 {[%emt 0:04:33]} 2. Nc3 {[%emt 0:00:36]} Nc6 {[%emt 0:00:28]} 3. Nf3 {[%emt 0:01:06]} g6 {[%emt 0:06:24]} 4. e3 {[%emt 0:02:38]} Bg7 {[%emt 0:00:32]} 5. d4 {[%emt 0:00:24]} cxd4 {[%emt 0:00:21]} 6. exd4 {[%emt 0:00:10]} d6 {[%emt 0:00:44]} 7. d5 {[%emt 0:01:57]} Ne5 {[%emt 0:09:10]} 8. Nd4 {[%emt 0:06:25]} Qb6 {[%emt 0:14:45]} 9. Nb3 {[%emt 0:29:35]} Bg4 {[%emt 0:05:54]} 10. f3 {[%emt 0:09:15]} Bd7 {[%emt 0:01:55]} 11. f4 {[%emt 0:06:51]} Ng4 {[%emt 0:02:25]} 12. Qf3 {[%emt 0:02:32]} a5 {[%emt 0:12:04]} 13. c5 {[%emt 0:03:35]} dxc5 {[%emt 0:01:34]} 14. Nd2 {[%emt 0:00:41]} N4h6 {[%emt 0:11:46]} 15. Nc4 {[%emt 0:00:51]} Qd8 {[%emt 0:01:06]} 16. Ne5 {[%emt 0:17:40]} Nf6 {[%emt 0:01:01]} 17. h3 {[%emt 0:01:50]} Nf5 {[%emt 0:00:59]} 18. g4 {[%emt 0:01:19]} Nd4 {[%emt 0:00:20]} 19. Qf2 {[%emt 0:00:22]} O-O {[%emt 0:02:26]} 20. Bg2 {[%emt 0:01:41]} b5 {[%emt 0:03:15]} 21. Be3 {[%emt 0:01:53]} b4 {[%emt 0:03:05]} 22. Bxd4 {[%emt 0:00:44]} cxd4 {[%emt 0:00:11]} 23. Ne2 {[%emt 0:00:09]} d3 {[%emt 0:03:13]} 24. Nd4 {[%emt 0:00:09]} Be8 {[%emt 0:04:05]} 25. O-O {[%emt 0:02:32]} Qd6 {[%emt 0:02:14]} 26. Ndc6 {[%emt 0:01:00]} Kh8 {[%emt 0:00:46]} 27. Nc4 {[%emt 0:02:19]} Qc7 {[%emt 0:00:36]} 28. Qc5 {[%emt 0:00:45]} Bxc6 {[%emt 0:02:53]} 29. dxc6 {[%emt 0:00:05]} Rfd8 {[%emt 0:00:22]} 30. Ne5 {[%emt 0:00:37]} Kg8 {[%emt 0:01:57]} 31. Kh1 {[%emt 0:02:58]} e6 {[%emt 0:01:03]} 32. Rad1 {[%emt 0:00:33]} Nd5 {[%emt 0:01:37]} 33. Nxd3 {[%emt 0:01:02]} Ra6 {[%emt 0:00:59]} 34. Rc1 {[%emt 0:00:53]} Rd6 {[%emt 0:00:30]} 35. f5 {[%emt 0:00:54]} Raxc6 {[%emt 0:00:24]} 36. Qb5 {[%emt 0:00:39]} h6 {[%emt 0:01:52]} 37. fxe6 {[%emt 0:00:57]} fxe6 {[%emt 0:00:11]} 38. Rxc6 {[%emt 0:00:36]} Qxc6 {[%emt 0:00:25]} 39. Qxa5 {[%emt 0:00:40]} Qc4 {[%emt 0:00:01]} 40. Qc5 {[%emt 0:00:00]} Rc6 {[%emt 0:00:00]} 41. Qxc4 {[%emt 0:12:44]} Rxc4 {[%emt 0:00:43]} 42. Bxd5 {[%emt 0:05:11]} exd5 {[%emt 0:00:05]} 43. Rf4 {[%emt 0:00:16]} Bf8 {[%emt 0:14:28]} 44. Kg2 {[%emt 0:01:23]} Kg7 {[%emt 0:00:34]} 45. b3 {[%emt 0:11:17]} Rc3 {[%emt 0:01:09]} 46. Nxb4 {[%emt 0:01:33]} Bd6 {[%emt 0:00:44]} 47. Nxd5 {[%emt 0:01:07]} Rd3 {[%emt 0:00:16]} 48. Nb4 {[%emt 0:00:30]} Rd2+ {[%emt 0:00:06]} 49. Rf2 {[%emt 0:00:12]} Bxb4 {[%emt 0:00:14]} 50. Rxd2 {[%emt 0:00:08]} Bxd2 {[%emt 0:00:05]} 51. Kf3 {[%emt 0:00:54]} Kf6 {[%emt 0:00:18]} 52. h4 {[%emt 0:00:33]} Ke5 {[%emt 0:00:27]} 53. a4 {[%emt 0:00:21]} Kd4 {[%emt 0:00:31]} 54. Ke2 {[%emt 0:00:29]} Ba5 {[%emt 0:01:18]} 55. Kf3 {[%emt 0:00:31]} g5 {[%emt 0:00:09]} 56. hxg5 {[%emt 0:01:16]} hxg5 {[%emt 0:00:05]} 0-1

[Event "72nd RUS-ch Higher League 2019"]
[Site "Yaroslavl"]
[Date "2019.07.05"]
[Round "8.24"]
[White "Najer, Evgeniy"]
[Black "Truskavetsky, Alexandr"]
[Result "1-0"]
[WhiteElo "2678"]
[BlackElo "2398"]
[Annotator "TA"]
[PlyCount "61"]
[EventDate "2019.06.27"]
[EventType "swiss"]
[EventCountry "RUS"]
[SourceTitle "playchess.com"]
[Source "ChessBase"]
[SourceQuality "1"]

{[%evp 11,61,21,24,27,27,16,37,19,52,41,111,72,109,93,122,125,160,160,161,156,220,218,217,214,225,219,207,203,208,212,216,205,254,258,283,292,289,273,265,261,320,321,411,398,384,403,407,404,337,305,758,735]} 1. e4 c6 2. d4 d5 3. e5 Bf5 4. Nf3 e6 5. Be2 Ne7 6. O-O h6 7. Nbd2 {[%cal Bb1d2,Bd2f1,Bf1e3][%mdl 32] B12: Caro-Kann: Advance Variation} Nd7 8. c3 g5 9. Re1 {White is slightly better.} (9. Ne1 c5 10. Nc2 Nc6 11. Nb3 c4 12. Nd2 Bg6 13. Bh5 Bd3 14. Re1 Bg7 {0-1 (60) Vachier Lagrave,M (2779)-Nakamura,H (2777) chess.com INT 2018}) 9... Bg7 10. Nf1 O-O (10... c5 $14) 11. Ne3 $146 ({Predecessor:} 11. Ng3 Bg6 12. h3 Nf5 13. Bd3 Nxg3 14. Bxg6 fxg6 15. fxg3 c5 {1-0 (37) Quesada Perez,Y (2624)-Chua,A (2300) Philadelphia 2017}) 11... c5 12. Nxf5 Nxf5 13. Bd3 $1 Qb6 {[%cal Rc5d4]} 14. g4 Ne7 {[#]} 15. h4 $1 f6 (15... cxd4 $16 16. hxg5 hxg5) 16. exf6 $18 ({Stronger than} 16. hxg5 fxg5 17. Be2 Rf7 $11) 16... Nxf6 17. dxc5 Qxc5 {[#]} 18. Qe2 $1 {[%cal Re2e6]} Qd6 19. Qxe6+ Qxe6 20. Rxe6 Kf7 21. Re2 ({Weaker is} 21. hxg5 Kxe6 22. gxf6 Rxf6 $11) 21... Nxg4 {and the idea ...gxh4 leaves Black hopeful.} 22. hxg5 Nc6 23. Bf5 Nge5 24. Nxe5+ ({And not} 24. gxh6 Nxf3+ 25. Kf1 Be5 $15) 24... Bxe5 25. gxh6 Rg8+ 26. Kh1 Kf6 27. Bh3 d4 28. Bd2 dxc3 29. bxc3 Rad8 30. Rg1 Rh8 $2 (30... Rxg1+ 31. Kxg1 Ne7) 31. Bg5+ {Accuracy: White = 91%, Black = 32%.} 1-0

[Event "72nd RUS-ch Higher League 2019"]
[Site "Yaroslavl"]
[Date "2019.07.05"]
[Round "8.25"]
[White "Galaktionov, Artem"]
[Black "Shimanov, Aleksandr"]
[Result "1-0"]
[WhiteElo "2371"]
[BlackElo "2615"]
[Annotator "RC"]
[PlyCount "85"]
[EventDate "2019.06.27"]
[EventType "swiss"]
[EventCountry "RUS"]
[SourceTitle "playchess.com"]
[Source "ChessBase"]
[SourceQuality "1"]
[TimeControl "40/5400+30:1800+30"]

1. d4 {[%emt 0:00:00]} d6 {[%emt 0:04:15]} 2. Nf3 {[%emt 0:00:00]} Nf6 {[%emt 0:00:06]} 3. c4 {[%emt 0:00:00]} g6 {[%emt 0:00:05]} 4. Nc3 {[%emt 0:00:00]} Bf5 {[%emt 0:00:27]} 5. h3 {[%emt 0:06:36]} Ne4 {[%emt 0:01:08]} 6. Nxe4 {[%emt 0:03:24]} Bxe4 {[%emt 0:00:34]} 7. Ng5 {[%emt 0:00:04]} Bf5 {[%emt 0:02:08]} 8. g4 {[%emt 0:02:59]} Bc8 {[%emt 0:00:36]} 9. Bg2 {[%emt 0:01:21]} Bg7 {[%emt 0:00:17]} 10. Nf3 {[%emt 0:07:17]} Nd7 {[%emt 0:08:08]} 11. Be3 {[%emt 0:05:58]} e5 {[%emt 0:05:30]} 12. Qd2 {[%emt 0:08:45]} h6 {[%emt 0:05:45]} 13. O-O-O {[%emt 0:21:02]} Qe7 {[%emt 0:03:15]} 14. dxe5 {[%emt 0:04:16]} dxe5 {[%emt 0:00:54]} 15. Qa5 {[%emt 0:00:11]} c6 {[%emt 0:19:00]} 16. Nd2 {[%emt 0:09:18]} O-O {[%emt 0:10:43]} 17. Qc7 {[%emt 0:05:17]} f5 {[%emt 0:05:08]} 18. gxf5 {[%emt 0:02:21]} gxf5 {[%emt 0:00:05]} 19. Nb3 {[%emt 0:05:46]} Qf7 {[%emt 0:06:56]} 20. Na5 {[%emt 0:00:37]} e4 {[%emt 0:05:52]} 21. Bd4 {[%emt 0:02:06]} Nf6 {[%emt 0:00:46]} 22. Qxf7+ {[%emt 0:00:19]} Rxf7 {[%emt 0:00:05]} 23. f3 {[%emt 0:01:22]} exf3 {[%emt 0:04:47]} 24. Bxf3 {[%emt 0:00:17]} Be6 {[%emt 0:00:16]} 25. Rhg1 {[%emt 0:00:28]} Kh7 {[%emt 0:00:36]} 26. Bc3 {[%emt 0:03:48]} Rg8 {[%emt 0:01:56]} 27. Rd6 {[%emt 0:01:01]} Bc8 {[%emt 0:02:23]} 28. Rxg7+ {[%emt 0:03:55]} Kxg7 {[%emt 0:00:18]} 29. Bh5 {[%emt 0:00:03]} Rgf8 {[%emt 0:02:09]} 30. Bxf7 {[%emt 0:00:04]} Rxf7 {[%emt 0:00:04]} 31. Nb3 {[%emt 0:00:20]} f4 {[%emt 0:01:36]} 32. Nd2 {[%emt 0:00:34]} Bf5 {[%emt 0:01:02]} 33. h4 {[%emt 0:00:09]} h5 {[%emt 0:00:38]} 34. a4 {[%emt 0:03:06]} Rf8 {[%emt 0:01:32]} 35. a5 {[%emt 0:00:30]} a6 {[%emt 0:00:08]} 36. Nf3 {[%emt 0:02:17]} Kg6 {[%emt 0:01:10]} 37. Ng5 {[%emt 0:00:17]} Kg7 {[%emt 0:02:36]} 38. Kd2 {[%emt 0:01:29]} Kg6 {[%emt 0:00:07]} 39. Ke1 {[%emt 0:00:41]} Bb1 {[%emt 0:01:10]} 40. Ne6 {[%emt 0:00:00]} Rf7 {[%emt 0:00:00]} 41. Nd8 {[%emt 0:09:39]} Rf8 {[%emt 0:00:43]} 42. Nxb7 {[%emt 0:01:12]} Kf5 {[%emt 0:05:53]} 43. Rxf6+ {[%emt 0:01:05]} 1-0

[Event "72nd RUS-ch Higher League 2019"]
[Site "Yaroslavl"]
[Date "2019.07.05"]
[Round "8.26"]
[White "Nozdrachev, Vladislav"]
[Black "Kanter, Eduard"]
[Result "1-0"]
[WhiteElo "2481"]
[BlackElo "2392"]
[Annotator "ChessBase"]
[PlyCount "74"]
[EventDate "2019.06.27"]
[EventType "swiss"]
[EventCountry "RUS"]
[SourceTitle "playchess.com"]
[Source "ChessBase"]
[SourceQuality "1"]
[TimeControl "40/5400+30:1800+30"]

1. e4 {[%emt 0:00:00]} c5 {[%emt 0:01:50]} 2. Nf3 {[%emt 0:00:00]} d6 {[%emt 0:00:06]} 3. d4 {[%emt 0:00:00]} cxd4 {[%emt 0:00:06]} 4. Nxd4 {[%emt 0:00:00]} Nf6 {[%emt 0:00:06]} 5. Nc3 {[%emt 0:00:00]} g6 {[%emt 0:00:09]} 6. g3 {[%emt 0:00:00]} Nc6 {[%emt 0:00:55]} 7. Nxc6 {[%emt 0:00:04]} bxc6 {[%emt 0:00:06]} 8. Bg2 {[%emt 0:00:02]} Nd7 {[%emt 0:10:04]} 9. b3 {[%emt 0:12:22]} Bg7 {[%emt 0:01:02]} 10. Bb2 {[%emt 0:00:05]} O-O {[%emt 0:01:44]} 11. O-O {[%emt 0:03:46]} Qa5 {[%emt 0:12:30]} 12. Qd2 {[%emt 0:00:19]} Nb6 {[%emt 0:01:01]} 13. Rad1 {[%emt 0:00:28]} Qh5 {[%emt 0:04:36]} 14. h4 {[%emt 0:13:42]} Bg4 {[%emt 0:03:42]} 15. f3 {[%emt 0:00:05]} Be6 {[%emt 0:00:27]} 16. Ba1 {[%emt 0:04:45]} Qc5+ {[%emt 0:05:33]} 17. Kh2 {[%emt 0:05:23]} a5 {[%emt 0:10:24]} 18. f4 {[%emt 0:05:25]} Bg4 {[%emt 0:01:04]} 19. Rde1 {[%emt 0:00:08]} Rad8 {[%emt 0:07:27]} 20. Re3 {[%emt 0:06:10]} e5 {[%emt 0:08:42]} 21. Rd3 {[%emt 0:04:20]} exf4 {[%emt 0:07:12]} 22. Qxf4 {[%emt 0:00:11]} Bc8 {[%emt 0:08:47]} 23. Rfd1 {[%emt 0:09:34]} Ba6 {[%emt 0:01:31]} 24. Rxd6 {[%emt 0:02:26]} Rxd6 {[%emt 0:10:58]} 25. Qxd6 {[%emt 0:00:07]} Qe3 {[%emt 0:01:42]} 26. Qd2 {[%emt 0:03:37]} Qc5 {[%emt 0:00:08]} 27. e5 {[%emt 0:00:28]} Bxe5 {[%emt 0:00:56]} 28. Ne4 {[%emt 0:00:07]} Qe7 {[%emt 0:00:07]} 29. Qxa5 {[%emt 0:03:02]} Qxh4+ {[%emt 0:00:05]} 30. Kg1 {[%emt 0:00:07]} Bxg3 {[%emt 0:01:23]} 31. Nxg3 {[%emt 0:01:13]} Qxg3 {[%emt 0:00:04]} 32. Qxb6 {[%emt 0:00:19]} Be2 {[%emt 0:00:50]} 33. Rb1 {[%emt 0:00:21]} f6 {[%emt 0:00:37]} 34. Qf2 {[%emt 0:00:19]} Qg4 {[%emt 0:00:06]} 35. Re1 {[%emt 0:00:13]} Ba6 {[%emt 0:00:23]} 36. Bxf6 {[%emt 0:00:58]} c5 {[%emt 0:00:28]} 37. Qf4 {[%emt 0:01:41]} Qd7 {[%emt 0:01:39]} 1-0

[Event "72nd RUS-ch Higher League 2019"]
[Site "Yaroslavl"]
[Date "2019.07.05"]
[Round "8.27"]
[White "Bigaliev, Renat"]
[Black "Samojlov, Anton"]
[Result "1-0"]
[WhiteElo "2427"]
[BlackElo "2350"]
[Annotator "NA"]
[PlyCount "97"]
[EventDate "2019.06.27"]
[EventType "swiss"]
[EventCountry "RUS"]
[SourceTitle "playchess.com"]
[Source "ChessBase"]
[SourceQuality "1"]
[TimeControl "40/5400+30:1800+30"]

1. e4 {[%emt 0:00:00]} c5 {[%emt 0:00:00]} 2. Nf3 {[%emt 0:00:00]} Nc6 {[%emt 0:00:24]} 3. Bb5 {[%emt 0:00:09]} g6 {[%emt 0:00:07]} 4. Bxc6 {[%emt 0:00:33]} dxc6 {[%emt 0:00:08]} 5. d3 {[%emt 0:00:26]} Bg7 {[%emt 0:00:24]} 6. h3 {[%emt 0:01:49]} Nh6 {[%emt 0:03:43]} 7. Nc3 {[%emt 0:03:49]} f6 {[%emt 0:00:40]} 8. Be3 {[%emt 0:04:07]} b6 {[%emt 0:00:21]} 9. O-O {[%emt 0:04:55]} e5 {[%emt 0:01:33]} 10. Nh2 {[%emt 0:02:28]} Nf7 {[%emt 0:03:05]} 11. f4 {[%emt 0:07:13]} exf4 {[%emt 0:02:29]} 12. Bxf4 {[%emt 0:01:38]} O-O {[%emt 0:00:43]} 13. Nf3 {[%emt 0:05:01]} f5 {[%emt 0:01:23]} 14. exf5 {[%emt 0:10:14]} Bxf5 {[%emt 0:00:59]} 15. Qd2 {[%emt 0:00:18]} Qd7 {[%emt 0:04:58]} 16. Rae1 {[%emt 0:00:35]} Rae8 {[%emt 0:01:37]} 17. b3 {[%emt 0:03:29]} g5 {[%emt 0:24:52]} 18. Bxg5 {[%emt 0:22:49]} Rxe1 {[%emt 0:09:15]} 19. Rxe1 {[%emt 0:00:18]} Bxh3 {[%emt 0:01:03]} 20. Re7 {[%emt 0:03:18]} Qf5 {[%emt 0:04:14]} 21. Ne4 {[%emt 0:05:00]} Nxg5 {[%emt 0:13:38]} 22. Nexg5 {[%emt 0:06:15]} Bg4 {[%emt 0:03:11]} 23. Ne6 {[%emt 0:00:24]} Rf7 {[%emt 0:09:48]} 24. Re8+ {[%emt 0:03:05]} Bf8 {[%emt 0:00:23]} 25. Qh6 {[%emt 0:05:13]} Qf6 {[%emt 0:04:26]} 26. Qxf6 {[%emt 0:02:33]} Rxf6 {[%emt 0:00:02]} 27. Nxf8 {[%emt 0:00:10]} Rxf8 {[%emt 0:00:38]} 28. Rxf8+ {[%emt 0:00:04]} Kxf8 {[%emt 0:00:06]} 29. Ne5 {[%emt 0:00:02]} Bd1 {[%emt 0:00:17]} 30. c4 {[%emt 0:02:13]} Ke7 {[%emt 0:06:56]} 31. Nxc6+ {[%emt 0:00:42]} Kd6 {[%emt 0:03:16]} 32. Nxa7 {[%emt 0:00:06]} Bc2 {[%emt 0:00:09]} 33. Kf2 {[%emt 0:00:36]} Bxd3 {[%emt 0:00:26]} 34. Ke3 {[%emt 0:00:24]} Bf1 {[%emt 0:00:59]} 35. g3 {[%emt 0:00:44]} Bh3 {[%emt 0:00:07]} 36. Kf4 {[%emt 0:01:47]} Bd7 {[%emt 0:00:45]} 37. Nb5+ {[%emt 0:00:25]} Ke6 {[%emt 0:00:32]} 38. Nc7+ {[%emt 0:01:43]} Kd6 {[%emt 0:00:24]} 39. Nb5+ {[%emt 0:01:29]} Ke6 {[%emt 0:00:03]} 40. Nc3 {[%emt 0:00:00]} Bc6 {[%emt 0:00:00]} 41. Ne4 {[%emt 0:13:42]} h6 {[%emt 0:03:27]} 42. Nc3 {[%emt 0:01:15]} Kd6 {[%emt 0:01:24]} 43. Kf5 {[%emt 0:00:28]} Be8 {[%emt 0:00:53]} 44. Ne4+ {[%emt 0:01:27]} Kc6 {[%emt 0:00:39]} 45. Nf6 {[%emt 0:02:34]} Bf7 {[%emt 0:00:13]} 46. Ng4 {[%emt 0:00:21]} Bg8 {[%emt 0:00:14]} 47. Ne5+ {[%emt 0:04:56]} Kd6 {[%emt 0:00:14]} 48. Kf6 {[%emt 0:00:19]} h5 {[%emt 0:00:27]} 49. Nf7+ {[%emt 0:01:40] Kd5} 1-0